000 00570nam a2200229Ia 4500
999 _c165
_d165
003 0100
008 130227s9999 xx 000 0 und d
040 _cARRUPELIB
050 _aDT434.E2W3
100 _aWagner, Gunter
_931070
245 4 _aThe Changing family among the Bantu Kavirondo
260 _bOxford University Press
_aLondon
_c1939
300 _a52p
300 _b 24cm
440 _aAfrica v.12 n.1
_931526
650 _aBantu
_xFamily
_xSociety
_931527
650 _aPrimitive
_xNorth Kavirondo
_xKenya
_931528
942 _2lcc
_cMONOGRAPH